<?xml version="1.0" encoding="UTF-8"?>
<record
    xmlns:xsi="http://www.w3.org/2001/XMLSchema-instance"
    xsi:schemaLocation="http://www.loc.gov/MARC21/slim http://www.loc.gov/standards/marcxml/schema/MARC21slim.xsd"
    xmlns="http://www.loc.gov/MARC21/slim">

  <leader>00958na  a2200289   4500</leader>
  <controlfield tag="001">24266</controlfield>
  <controlfield tag="003">MIRAKIL</controlfield>
  <controlfield tag="005">20181213155333.0</controlfield>
  <controlfield tag="008">180905b        tu            000 0      </controlfield>
  <datafield tag="020" ind1=" " ind2=" ">
    <subfield code="a">9789751630537</subfield>
  </datafield>
  <datafield tag="040" ind1=" " ind2=" ">
    <subfield code="a">Milas</subfield>
    <subfield code="b">tur</subfield>
    <subfield code="c">TR-AnCHP</subfield>
  </datafield>
  <datafield tag="041" ind1=" " ind2=" ">
    <subfield code="a">tur</subfield>
  </datafield>
  <datafield tag="082" ind1=" " ind2=" ">
    <subfield code="a">956.101543</subfield>
    <subfield code="b">A41i 2015</subfield>
  </datafield>
  <datafield tag="090" ind1=" " ind2=" ">
    <subfield code="a">956.101543 A41i 2015</subfield>
  </datafield>
  <datafield tag="100" ind1=" " ind2=" ">
    <subfield code="a">Akcan, Erol</subfield>
  </datafield>
  <datafield tag="245" ind1=" " ind2=" ">
    <subfield code="a">&#x130;ttihat ve Terakki F&#x131;rkas&#x131;'n&#x131;n paramiliter gen&#xE7;lik kurulu&#x15F;lar&#x131;</subfield>
    <subfield code="c">Erol Akcan</subfield>
  </datafield>
  <datafield tag="260" ind1=" " ind2=" ">
    <subfield code="a">Ankara</subfield>
    <subfield code="b">T&#xFC;rk Tarih Kurumu</subfield>
    <subfield code="c">2015</subfield>
  </datafield>
  <datafield tag="300" ind1=" " ind2=" ">
    <subfield code="a">xiii, 410 s.</subfield>
    <subfield code="b">res.</subfield>
    <subfield code="c">24 sm.</subfield>
  </datafield>
  <datafield tag="440" ind1=" " ind2=" ">
    <subfield code="a">AKDTYK T&#xFC;rk Tarih Kurumu yay&#x131;nlar&#x131;</subfield>
    <subfield code="v">IV/A-2-2.1. dizi-say&#x131; 26</subfield>
  </datafield>
  <datafield tag="504" ind1=" " ind2=" ">
    <subfield code="a">Kaynak&#xE7;a ve dizin var.</subfield>
  </datafield>
  <datafield tag="650" ind1=" " ind2=" ">
    <subfield code="a">Osmanl&#x131; G&#xFC;&#xE7; Dernekleri</subfield>
    <subfield code="x">Tarih</subfield>
  </datafield>
  <datafield tag="650" ind1=" " ind2=" ">
    <subfield code="a">&#x130;zciler oca&#x11F;&#x131; </subfield>
    <subfield code="x">Tarih</subfield>
  </datafield>
  <datafield tag="650" ind1=" " ind2=" ">
    <subfield code="a">T&#xFC;rk g&#xFC;c&#xFC;</subfield>
    <subfield code="x">Tarih</subfield>
  </datafield>
  <datafield tag="650" ind1=" " ind2=" ">
    <subfield code="a">Osmanl&#x131; &#x130;mparatorlu&#x11F;u</subfield>
    <subfield code="x">Y&#xF6;netim ve politikalar</subfield>
    <subfield code="y">19 yy.-20 yy.</subfield>
  </datafield>
  <datafield tag="650" ind1=" " ind2=" ">
    <subfield code="a">&#x130;ttihat  Terakki Cemiyeti</subfield>
    <subfield code="x">Tarih</subfield>
  </datafield>
  <datafield tag="942" ind1=" " ind2=" ">
    <subfield code="2">dcc</subfield>
    <subfield code="c">BKS</subfield>
  </datafield>
  <datafield tag="952" ind1=" " ind2=" ">
    <subfield code="a">0001</subfield>
    <subfield code="b">0001</subfield>
    <subfield code="d">2018-09-05</subfield>
    <subfield code="e">2</subfield>
    <subfield code="l">0</subfield>
    <subfield code="o">956.101543 A41i 2015</subfield>
    <subfield code="p">018358</subfield>
    <subfield code="r">2018-09-05 00:00:00</subfield>
    <subfield code="v">0.00</subfield>
    <subfield code="w">2018-09-05</subfield>
    <subfield code="y">BKS</subfield>
  </datafield>
  <datafield tag="999" ind1=" " ind2=" ">
    <subfield code="c">10782</subfield>
    <subfield code="d">10782</subfield>
  </datafield>
</record>
